000 00933nam a22002897a 4500
001 BR8203812
003 BR-BrBNA
005 20230928091351.0
007 ta
008 230509b bl.||||| |||| 00| 0 por d
040 _aBR-BrBNA
_bpor
_cBiblioteca Nacional de Agricultura
041 _a(Por)
072 _aF25; E70
_b/G514
090 _ F25 BR8203812
110 1 _aBanco Regional de Desenvolvimento do Extremo Sul, Curitiba, PR (Brasil). Gerencia de Planejamento
_91225
245 1 _aAnalise do setor de fertilizantes no Parana [Brasil]
_bRelatorio 4/82
260 3 _aCuritiba, PR (Brasil):
_c1982.
300 _a68 p.
500 _a27 ref. (*) Documento disponível na(o) Banco Regional de Desenvolvimento do Extremo Sul, Curitiba, PR (Brazil)
650 _aFERTILIZANTE
650 _aMERCADO
650 _aPRECO
650 _aIMPORTACAO
650 _aPARANA
909 _a202309
_bLucia
_c55
_dLucia Elande
942 _cBK
999 _c33575
_d33575